Relatório executivo Projeto Olhos D'Água da Amazônia : (Record no. 1565)
[ view plain ]
| 000 -LÍDER | |
|---|---|
| Campo Fixo de Controle | 00713nam a2200217 a 4500 |
| 001 - NÚMERO DE CONTROLE | |
| Campo de Controle | 1565 |
| 003 - IDENTIFICAÇÃO DO NÚMERO DE CONTROLE | |
| Campo de Controle | BR-CuiBMT |
| 005 - DATA E HORA DA ÚLTIMA ATUALIZAÇÃO | |
| Campo de Controle | 20231217140510.0 |
| 008 - DADOS FIXOS | |
| Dados Fixos | 231215s2016 mtba 000 0 por d |
| 020 ## - INTERNATIONAL STANDARD BOOK NUMBER | |
| Nº do ISBN | 9788592507008 |
| 040 ## - AGÊNCIA CATALOGADORA | |
| Código da Agência Catalogadora | BR-CuiBMT |
| Agência que transcreveu o registro | BR-CuiBMT |
| 080 ## - Nº DA CLASSIFICAÇÃO DECIMAL UNIVERSAL | |
| Nº edição CDU | 2007 |
| Subd. Auxiliar Comum | (811) |
| Nº Class. CDU | 502.2 |
| 090 ## - NÚMERO DE CHAMADA | |
| Nº classificação | 502.2(811) |
| Cutter | R382 |
| 245 00 - TÍTULO PRINCIPAL | |
| Título principal | Relatório executivo Projeto Olhos D'Água da Amazônia : |
| Subtítulo | fase II / |
| Indicação de responsabilidade | José Alesando Rodrigues (organizador). |
| 260 ## - PUBLICAÇÃO, DISTRIBUIÇÃO, ETC. | |
| Local de publicação | Alta Floresta : |
| Editora | Quintino, |
| Data | 2016. |
| 300 ## - DESCRIÇÃO FÍSICA | |
| N. páginas ou volumes | 143 p. : |
| Ilustrações | il. color. ; |
| Dimensões | 20 cm |
| 650 ## - ASSUNTO TÓPICO | |
| Cabeçalho tópico ou nome geográfico | Projeto Olhos D'Água |
| Subdivisão de forma | Relatórios |
| Subdivisão geográfica | Amazônia |
| 650 ## - ASSUNTO TÓPICO | |
| Cabeçalho tópico ou nome geográfico | Meio ambiente |
| Subdivisão geral | Projetos |
| Subdivisão geográfica | Brasil |
| 700 1# - ENTRADA SECUNDÁRIA -- NOME PESSOAL | |
| Nome pessoal | Rodrigues, José Alesando |
| Cód. do termo explicativo | org. |
| 942 ## - ELEMENTOS DE ENTRADA ADICIONAIS (KOHA) | |
| Fonte de classificação ou esquema de arquivamento | Classificação Decimal Universal |
| Tipo de item do Koha | Livros |
| Estado: removido | Estado: perdido | Fonte de classificação ou esquema de arquivamento | Estado: danificado | Indisponível para empréstimo | Localização permanente | Localização atual | Data de aquisição | Total Checkouts | Número de Chamada completo | Código de barras | Date last seen | Número do exemplar | Preço efetivo a partir de | Tipo de item (Koha) |
|---|---|---|---|---|---|---|---|---|---|---|---|---|---|---|
| Classificação Decimal Universal | Biblioteca da Escola Superior de Contas do TCE/MT | Biblioteca da Escola Superior de Contas do TCE/MT | 15/12/2023 | 502.2(811) R382 | BIBTCEMT23120570 | 15/12/2023 | Ex. 1 | 15/12/2023 | Livros |